[Event "BL2-Nord 1011"]
[Site "Germany"]
[Date "2011.02.06"]
[Round "6.7"]
[White "Lieb, Harald"]
[Black "Bakker, Sven"]
[Result "1-0"]
[WhiteElo "2235"]
[BlackElo "2213"]
[PlyCount "49"]
[EventDate "2010.10.10"]
[EventType "team-tourn"]
[EventRounds "9"]
[EventCountry "GER"]
[SourceTitle "EXT 2012"]
[Source "ChessBase"]
[SourceDate "2011.11.24"]
[SourceVersion "1"]
[SourceVersionDate "2011.11.24"]
[SourceQuality "1"]
[WhiteTeam "Zehlendorf"]
[BlackTeam "Hamburger SK II"]
[WhiteTeamCountry "GER"]
[BlackTeamCountry "GER"]

1. d4 Nf6 2. c4 e6 3. Nf3 b6 4. g3 Ba6 5. Qc2 Bb7 6. Bg2 c5 7. dxc5 Bxc5 8. Nc3 Nc6 9. 0-0 Rc8 10. Bg5 h6 11. Bxf6 Qxf6 12. Ne4 Qe7 13. a3 0-0 14. Rfd1 a5 15. Qd2 Nb8 16. Nd6 Bxd6 17. Qxd6 Qxd6 18. Rxd6 Rxc4 19. Ne5 Rc7 20. Rxb6 Bxg2 21. Kxg2 Rc2 22. e3 f6 23. Ng6 Rd8 24. Rd1 Nc6 25. Rxc6 1-0

[Event "Queenstown op"]
[Site "Queenstown"]
[Date "2009.01.21"]
[Round "7"]
[White "Croad, Nicholas"]
[Black "Bakker, Sven"]
[Result "1/2-1/2"]
[WhiteElo "2305"]
[BlackElo "2233"]
[PlyCount "103"]
[EventDate "2009.01.15"]
[EventType "swiss"]
[EventRounds "10"]
[EventCountry "NZL"]
[SourceTitle "CBM 128 Extra"]
[Source "ChessBase"]
[SourceDate "2009.03.05"]
[SourceVersion "2"]
[SourceVersionDate "2009.03.25"]
[SourceQuality "1"]

1. d4 Nf6 2. c4 e6 3. Nc3 Bb4 4. Qc2 c5 5. dxc5 0-0 6. Nf3 Na6 7. Bd2 Nxc5 8. e3 b6 9. Be2 Bb7 10. a3 Bxc3 11. Bxc3 Rc8 12. 0-0 Nce4 13. Bb4 Re8 14. Rfd1 a5 15. Be1 d5 16. b4 Qc7 17. bxa5 bxa5 18. Qb2 dxc4 19. Bxc4 Qxc4 20. Qxb7 Nc5 21. Qxf7+ Kxf7 22. Ne5+ Kf8 23. Nxc4 Nb3 24. Nd6 Nxa1 25. Rxa1 a4 26. e4 Rc2 27. Nxe8 Kxe8 28. f3 Nd7 29. Rb1 Ne5 30. Rb8+ Kf7 31. Bb4 Nd3 32. h4 Rb2 33. Bd6 Ra2 34. Ra8 Ne1 35. h5 e5 36. Rxa4 Nxg2 37. Bxe5 Nh4 38. Ra7+ Ke6 39. Bxg7 Nxf3+ 40. Kf1 Nd2+ 41. Ke2 Nc4+ 42. Kf3 Rxa3+ 43. Rxa3 Nxa3 44. Kf4 Nc4 45. e5 Nd2 46. Kg5 Ne4+ 47. Kh6 Ng3 48. Bf6 Kf5 49. Bh8 Ke6 50. Bg7 Kf5 51. Bf6 Ke6 52. Kxh7 1/2-1/2

[Event "Queenstown op"]
[Site "Queenstown"]
[Date "2009.01.18"]
[Round "4"]
[White "Bakker, Sven"]
[Black "Tan, Justin Hy"]
[Result "1-0"]
[WhiteElo "2233"]
[BlackElo "1870"]
[PlyCount "103"]
[EventDate "2009.01.15"]
[EventType "swiss"]
[EventRounds "10"]
[EventCountry "NZL"]
[SourceTitle "CBM 128 Extra"]
[Source "ChessBase"]
[SourceDate "2009.03.05"]
[SourceVersion "2"]
[SourceVersionDate "2009.03.25"]
[SourceQuality "1"]

1. d4 d5 2. c4 c6 3. Nf3 Nf6 4. e3 Bf5 5. Nc3 e6 6. Nh4 Bg6 7. Bd2 Nbd7 8. Nxg6 hxg6 9. g3 Bb4 10. Qe2 Bxc3 11. Bxc3 Ne4 12. Bg2 Nxc3 13. bxc3 f5 14. Rb1 Qa5 15. 0-0 Qa6 16. Qb2 Rb8 17. cxd5 cxd5 18. Rfc1 Nb6 19. Bf1 Nc4 20. Qb4 Kf7 21. Bxc4 Qxc4 22. Qxc4 dxc4 23. Rb5 b6 24. Rcb1 g5 25. a4 Rh6 26. f4 Kg6 27. a5 Rbh8 28. R1b2 Kh5 29. axb6 axb6 30. Rxb6 Kg4 31. fxg5 Rg6 32. Kg2 Ra8 33. d5 Kxg5 34. Rxe6 Rxe6 35. dxe6 Ra6 36. Rb7 Rxe6 37. Kf3 Kf6 38. Rd7 Ra6 39. Rd4 Ra4 40. e4 g6 41. exf5 Kxf5 42. h4 Kf6 43. Kf4 Kg7 44. Ke5 Ra5+ 45. Kd6 g5 46. Rxc4 gxh4 47. Rxh4 Kf6 48. Rf4+ Kg5 49. c4 Ra3 50. c5 Rd3+ 51. Kc7 Rxg3 52. Rf1 1-0

[Event "Queenstown op"]
[Site "Queenstown"]
[Date "2009.01.15"]
[Round "1"]
[White "Smith, Vivian J"]
[Black "Bakker, Sven"]
[Result "0-1"]
[WhiteElo "1836"]
[BlackElo "2233"]
[PlyCount "98"]
[EventDate "2009.01.15"]
[EventType "swiss"]
[EventRounds "10"]
[EventCountry "NZL"]
[SourceTitle "CBM 128 Extra"]
[Source "ChessBase"]
[SourceDate "2009.03.05"]
[SourceVersion "2"]
[SourceVersionDate "2009.03.25"]
[SourceQuality "1"]

1. e4 c6 2. d4 d5 3. exd5 cxd5 4. Bd3 Nc6 5. c3 Qc7 6. h3 Bd7 7. Nf3 e6 8. 0-0 Bd6 9. Re1 Nge7 10. Nbd2 f6 11. Nf1 0-0-0 12. Be3 g5 13. b4 h5 14. N3h2 Rdg8 15. f3 f5 16. b5 Na5 17. Qd2 f4 18. Bf2 Kb8 19. Rab1 b6 20. Rec1 Nf5 21. Qe1 Ba3 22. Rc2 Nd6 23. Qe5 Ndc4 24. Qxc7+ Kxc7 25. Bxc4 Nxc4 26. Rb3 Bd6 27. Re2 Na3 28. Reb2 Ra8 29. Be1 Rhg8 30. Bf2 Rgb8 31. Be1 a6 32. Re2 axb5 33. Nd2 Nc4 34. Nxc4 bxc4 35. Rbb2 Rg8 36. Rb1 Rae8 37. Bd2 e5 38. dxe5 Rxe5 39. Rbe1 Rxe2 40. Rxe2 Bf5 41. Be1 Kc6 42. Bf2 b5 43. Bd4 b4 44. cxb4 Bxb4 45. Rb2 Bc5 46. Bxc5 Kxc5 47. a4 c3 48. Rb5+ Kc4 49. Nf1 Ra8 0-1

[Event "BL2-Nord 0809"]
[Site "Germany"]
[Date "2008.12.14"]
[Round "4.7"]
[White "Pflantz, Mike"]
[Black "Bakker, Sven"]
[Result "1/2-1/2"]
[WhiteElo "2170"]
[BlackElo "2230"]
[PlyCount "65"]
[EventDate "2008.10.05"]
[EventType "team-tourn"]
[EventRounds "9"]
[EventCountry "GER"]
[SourceTitle "CBM 129 Extra"]
[Source "ChessBase"]
[SourceDate "2009.05.05"]
[SourceVersion "2"]
[SourceVersionDate "2009.05.20"]
[SourceQuality "1"]
[WhiteTeam "Kreuzberg II"]
[BlackTeam "Hamburger SK II"]
[WhiteTeamCountry "GER"]
[BlackTeamCountry "GER"]

1. d4 Nf6 2. c4 e6 3. Nf3 b6 4. a3 Ba6 5. Qc2 Bb7 6. Nc3 c5 7. e4 cxd4 8. Nxd4 Bc5 9. Nb3 Nc6 10. Nxc5 bxc5 11. Be3 d6 12. Rd1 Qe7 13. Be2 0-0 14. 0-0 e5 15. Nd5 Nxd5 16. cxd5 Nd4 17. Bxd4 cxd4 18. Rc1 Rfc8 19. Qd2 f5 20. f3 Qd8 21. Bd3 f4 22. g3 g5 23. gxf4 gxf4 24. Kh1 Kh8 25. Rxc8 Rxc8 26. Rg1 Rc7 27. Qg2 Bc8 28. Bb5 Qf8 29. b4 Rc3 30. Be8 Bh3 31. Qg5 Rc7 32. Qh4 Rg7 33. Rxg7 1/2-1/2

[Event "NED-chT 0708"]
[Site "Netherlands"]
[Date "2008.02.09"]
[Round "6.5"]
[White "Bakker, Sven"]
[Black "Langheinrich, Ferenc"]
[Result "0-1"]
[WhiteElo "2244"]
[BlackElo "2421"]
[PlyCount "48"]
[EventDate "2007.09.15"]
[EventType "team-tourn"]
[EventRounds "9"]
[EventCountry "NED"]
[SourceTitle "EXT 2009"]
[Source "ChessBase"]
[SourceDate "2008.11.26"]
[SourceVersion "1"]
[SourceVersionDate "2008.11.26"]
[SourceQuality "1"]
[WhiteTeam "Leiden LSG II"]
[BlackTeam "Homburg Apeldoorn"]
[WhiteTeamCountry "NED"]
[BlackTeamCountry "NED"]

1. d4 Nf6 2. c4 g6 3. Nc3 Bg7 4. e4 d6 5. h3 0-0 6. Bg5 c5 7. d5 b5 8. cxb5 a6 9. Nf3 axb5 10. e5 b4 11. exf6 exf6 12. Bd2 bxc3 13. Bxc3 Re8+ 14. Be2 Ba6 15. Ng1 Ra7 16. Kf1 Rxe2 17. Nxe2 Re7 18. Kg1 Rxe2 19. h4 h5 20. Qa4 f5 21. Rh3 Re4 22. Qa5 Qxa5 23. Bxa5 Nd7 24. Rb1 Bc4 0-1

[Event "NED-chT 0708"]
[Site "Netherlands"]
[Date "2007.11.24"]
[Round "4.3"]
[White "Bakker, Sven"]
[Black "Cardon, Helmut"]
[Result "1/2-1/2"]
[WhiteElo "2244"]
[BlackElo "2398"]
[PlyCount "65"]
[EventDate "2007.09.15"]
[EventType "team-tourn"]
[EventRounds "9"]
[EventCountry "NED"]
[SourceTitle "EXT 2009"]
[Source "ChessBase"]
[SourceDate "2008.11.26"]
[SourceVersion "1"]
[SourceVersionDate "2008.11.26"]
[SourceQuality "1"]
[WhiteTeam "Leiden LSG II"]
[BlackTeam "Sas van Gent"]
[WhiteTeamCountry "NED"]
[BlackTeamCountry "NED"]

1. d4 Nf6 2. c4 e6 3. Nc3 Bb4 4. e3 c5 5. Nge2 cxd4 6. exd4 0-0 7. a3 Be7 8. Nf4 b6 9. Be2 Bb7 10. 0-0 d6 11. Be3 Nbd7 12. b4 Rc8 13. Rc1 Ne4 14. Nxe4 Bxe4 15. Qa4 Rc7 16. Rfd1 Qa8 17. f3 Bb7 18. Qb3 Rfc8 19. a4 a5 20. b5 d5 21. cxd5 Bxd5 22. Nxd5 Qxd5 23. Qxd5 exd5 24. Bf4 Rxc1 25. Rxc1 Rxc1+ 26. Bxc1 Bf6 27. Bb2 Nf8 28. Kf2 Ne6 29. Ke3 Bg5+ 30. Kf2 Bf6 31. Ke3 Bg5+ 32. Kf2 Bf6 33. Ke3 1/2-1/2

[Event "Hamburg"]
[Site "Hamburg"]
[Date "2007.10.26"]
[Round "6"]
[White "Kopylov, Michael"]
[Black "Bakker, Sven"]
[Result "1/2-1/2"]
[WhiteElo "2472"]
[BlackElo "2244"]
[PlyCount "30"]
[EventDate "2007.10.22"]
[EventType "swiss"]
[EventRounds "11"]
[EventCountry "GER"]
[EventCategory "5"]
[SourceTitle "EXT 2009"]
[Source "ChessBase"]
[SourceDate "2008.11.26"]
[SourceVersion "1"]
[SourceVersionDate "2008.11.26"]
[SourceQuality "1"]

1. d4 Nf6 2. c4 e6 3. g3 d5 4. Bg2 Be7 5. Nf3 0-0 6. Qc2 dxc4 7. Nbd2 Bd7 8. Qxc4 Bc6 9. 0-0 Nbd7 10. Qc2 Rc8 11. e4 Bb5 12. Rd1 c5 13. d5 exd5 14. exd5 Nxd5 15. Nc4 Nb4 1/2-1/2

[Event "Hamburg"]
[Site "Hamburg"]
[Date "2007.10.24"]
[Round "4"]
[White "Van Delft, Merijn"]
[Black "Bakker, Sven"]
[Result "1/2-1/2"]
[WhiteElo "2418"]
[BlackElo "2244"]
[PlyCount "81"]
[EventDate "2007.10.22"]
[EventType "swiss"]
[EventRounds "11"]
[EventCountry "GER"]
[EventCategory "5"]
[SourceTitle "EXT 2009"]
[Source "ChessBase"]
[SourceDate "2008.11.26"]
[SourceVersion "1"]
[SourceVersionDate "2008.11.26"]
[SourceQuality "1"]

1. b3 d5 2. Bb2 c6 3. g3 Bf5 4. Bg2 Nd7 5. c4 e6 6. Nf3 h6 7. 0-0 Ngf6 8. d3 Be7 9. Nbd2 0-0 10. a3 a5 11. Rc1 Bh7 12. Rc2 Re8 13. Qa1 Bd6 14. Ne5 Nxe5 15. Bxe5 Bxe5 16. Qxe5 Qe7 17. Qb2 e5 18. cxd5 Nxd5 19. Rb1 Rad8 20. Rbc1 Nf6 21. Rc4 Nd5 22. Rc5 f5 23. Rxa5 e4 24. dxe4 fxe4 25. e3 Rd6 26. Ra4 Nf6 27. Rac4 Red8 28. R4c2 Qd7 29. Nc4 Rd1+ 30. Rxd1 Qxd1+ 31. Bf1 Bf5 32. b4 Bh3 33. Rc1 Bxf1 34. Rxd1 Rxd1 35. Qb3 Be2+ 36. Kg2 Bf3+ 37. Kh3 Bg4+ 38. Kg2 Bf3+ 39. Kh3 Bg4+ 40. Kg2 Bf3+ 41. Kh3 1/2-1/2

[Event "EU-Cup 23rd"]
[Site "Kemer"]
[Date "2007.10.05"]
[Round "3.6"]
[White "Perez Candelario, Manuel"]
[Black "Bakker, Sven"]
[Result "1-0"]
[WhiteElo "2525"]
[BlackElo "2244"]
[PlyCount "81"]
[EventDate "2007.10.03"]
[EventType "team-swiss"]
[EventRounds "7"]
[EventCountry "TUR"]
[SourceTitle "CBM 121"]
[Source "ChessBase"]
[SourceDate "2007.11.14"]
[SourceVersion "1"]
[SourceVersionDate "2007.11.14"]
[SourceQuality "1"]
[WhiteTeam "Merida Linex Magic"]
[BlackTeam "Hamburger SK"]
[WhiteTeamCountry "ESP"]
[BlackTeamCountry "GER"]

1. e4 c6 2. d4 d5 3. Nd2 dxe4 4. Nxe4 Bf5 5. Ng3 Bg6 6. h4 h6 7. Nf3 Nd7 8. h5 Bh7 9. Bd3 Bxd3 10. Qxd3 e6 11. Bf4 Ngf6 12. 0-0-0 Be7 13. Kb1 0-0 14. Ne4 Nxe4 15. Qxe4 Nf6 16. Qe2 Qd5 17. Ne5 Qe4 18. Qxe4 Nxe4 19. Rhe1 Nf6 20. g4 Bd6 21. f3 a5 22. c4 b5 23. Bd2 Rfc8 24. Rc1 a4 25. Nd3 Rd8 26. Be3 Ra6 27. c5 Bg3 28. Rg1 Nd5 29. Rxg3 Nxe3 30. Nb4 Raa8 31. Nxc6 Rd7 32. f4 Nc4 33. Rd3 Rc8 34. Nb4 Na5 35. d5 exd5 36. c6 Rd6 37. Rxd5 Rxd5 38. Nxd5 Kf8 39. c7 Nc4 40. b3 axb3 41. axb3 1-0

[Event "EU-ch 8th"]
[Site "Dresden"]
[Date "2007.04.09"]
[Round "7"]
[White "Bakker, Sven"]
[Black "Gutman, Lev"]
[Result "0-1"]
[WhiteElo "2253"]
[BlackElo "2444"]
[PlyCount "54"]
[EventDate "2007.04.03"]
[EventType "swiss"]
[EventRounds "11"]
[EventCountry "GER"]
[SourceTitle "CBM 118"]
[Source "ChessBase"]
[SourceDate "2007.05.31"]
[SourceVersion "1"]
[SourceVersionDate "2007.05.31"]
[SourceQuality "1"]

1. d4 d5 2. c4 Nf6 3. cxd5 g6 4. f3 Nxd5 5. e4 Nb6 6. Nc3 Bg7 7. Be3 Nc6 8. Bb5 0-0 9. Nge2 Na5 10. b3 e5 11. dxe5 Qh4+ 12. g3 Qe7 13. f4 Bh3 14. Qc2 Rfd8 15. Kf2 a6 16. Bd3 Nc6 17. Bc4 Nb4 18. Qb1 Nxc4 19. bxc4 Nd3+ 20. Kg1 Qe6 21. Nd5 Qg4 22. Nd4 Nxe5 23. fxe5 Bxe5 24. Qd3 c6 25. Nb6 Bxg3 26. Qe2 Bf4+ 27. Qxg4 Bxe3# 0-1

[Event "EU-ch 8th"]
[Site "Dresden"]
[Date "2007.04.08"]
[Round "6"]
[White "Spiess, Gunter"]
[Black "Bakker, Sven"]
[Result "1-0"]
[WhiteElo "2398"]
[BlackElo "2253"]
[PlyCount "97"]
[EventDate "2007.04.03"]
[EventType "swiss"]
[EventRounds "11"]
[EventCountry "GER"]
[SourceTitle "CBM 118"]
[Source "ChessBase"]
[SourceDate "2007.05.31"]
[SourceVersion "1"]
[SourceVersionDate "2007.05.31"]
[SourceQuality "1"]

1. d4 Nf6 2. Nf3 e6 3. c4 b6 4. g3 Ba6 5. Qc2 Bb7 6. Bg2 c5 7. d5 exd5 8. cxd5 Nxd5 9. 0-0 Nc7 10. Rd1 Be7 11. Nc3 Nc6 12. e4 Ne6 13. Be3 0-0 14. Rd2 Ncd4 15. Nxd4 cxd4 16. Bxd4 Nxd4 17. Rxd4 Bf6 18. e5 Bxg2 19. exf6 Bc6 20. fxg7 Kxg7 21. Qf5 Qe7 22. Rh4 h6 23. Qf4 Qe6 24. Qd4+ Kg6 25. Qd2 Kh7 26. Re1 Qg6 27. Nd5 Rae8 28. Rxe8 Rxe8 29. Qxh6+ Qxh6 30. Nf6+ Kg6 31. Rxh6+ Kxh6 32. Nxe8 d5 33. Nd6 Kg6 34. f4 Bd7 35. h4 Bg4 36. Nb5 Kf5 37. Kf2 a6 38. Nc7 d4 39. Nd5 b5 40. Ke1 Bf3 41. Nb4 Kg4 42. Kf2 Be4 43. Nxa6 d3 44. Nc5 d2 45. Ke2 Bb1 46. a4 bxa4 47. Kxd2 Kxg3 48. Ke3 Bc2 49. h5 1-0

[Event "EU-ch 8th"]
[Site "Dresden"]
[Date "2007.04.04"]
[Round "2"]
[White "Banusz, Tamas"]
[Black "Bakker, Sven"]
[Result "1-0"]
[WhiteElo "2463"]
[BlackElo "2253"]
[PlyCount "117"]
[EventDate "2007.04.03"]
[EventType "swiss"]
[EventRounds "11"]
[EventCountry "GER"]
[SourceTitle "CBM 118"]
[Source "ChessBase"]
[SourceDate "2007.05.31"]
[SourceVersion "1"]
[SourceVersionDate "2007.05.31"]
[SourceQuality "1"]

1. Nf3 Nf6 2. c4 e6 3. Nc3 d5 4. d4 Bb4 5. cxd5 exd5 6. Bg5 Nbd7 7. Rc1 0-0 8. a3 Bxc3+ 9. Rxc3 c6 10. e3 Qe8 11. Rc1 Ne4 12. Bf4 f5 13. Be2 Nb6 14. h4 Be6 15. Ne5 Nd7 16. b4 Nxe5 17. dxe5 g5 18. hxg5 Qe7 19. Bd3 Rf7 20. Rh6 Rg7 21. Rf6 Nxg5 22. Bxg5 Rxg5 23. Qf3 Rf8 24. Rxf8+ Qxf8 25. Ke2 Qg7 26. b5 cxb5 27. Qh3 Qd7 28. Rh1 Rg7 29. f4 d4 30. Rd1 Qc6 31. exd4 Rxg2+ 32. Ke3 Rg7 33. Qh4 h5 34. Rh1 Qd5 35. Rh3 Bf7 36. Bxf5 a5 37. Be4 Qb3+ 38. Bd3 Qxa3 39. Qd8+ Qf8 40. Qxa5 Be6 41. f5 Bxf5 42. Qa2+ Qf7 43. Qxf7+ Rxf7 44. Rxh5 Be6 45. Rh6 Bc4 46. Rb6 Kf8 47. Be4 Rf1 48. Bxb7 Ke7 49. Bf3 Rb1 50. Rb7+ Kd8 51. Ra7 b4 52. d5 b3 53. d6 Be6 54. Bc6 Rc1 55. Ra8+ Bc8 56. Be4 Re1+ 57. Kd4 b2 58. Rb8 Rd1+ 59. Kc3 1-0

[Event "BL2-Nord 0607"]
[Site "Germany"]
[Date "2007.04.01"]
[Round "8.7"]
[White "Bakker, Sven"]
[Black "Artukovic, Adis"]
[Result "1-0"]
[WhiteElo "2235"]
[BlackElo "1955"]
[PlyCount "113"]
[EventDate "2006.10.15"]
[EventType "team-tourn"]
[EventRounds "9"]
[EventCountry "GER"]
[SourceTitle "EXT 2008"]
[Source "ChessBase"]
[SourceDate "2007.11.25"]
[SourceVersion "1"]
[SourceVersionDate "2007.11.25"]
[SourceQuality "1"]
[WhiteTeam "Hamburger SK II"]
[BlackTeam "Steglitz Wilmersdorf"]
[WhiteTeamCountry "GER"]
[BlackTeamCountry "GER"]

1. d4 g6 2. c4 Bg7 3. e4 d6 4. Nc3 Nf6 5. f3 a6 6. Be3 Nc6 7. Nge2 Rb8 8. Rc1 0-0 9. Qd2 e5 10. d5 Ne7 11. Ng3 Ne8 12. Be2 f5 13. exf5 Nxf5 14. Nxf5 gxf5 15. f4 Nf6 16. h3 Qe7 17. 0-0 Bd7 18. b4 Rbe8 19. fxe5 dxe5 20. Bc5 Qf7 21. Bxf8 Qxf8 22. c5 Bh6 23. Qc2 Bxc1 24. Qxc1 Qg7 25. Kh1 Kh8 26. Qe3 Rg8 27. Rf2 Qg3 28. Qxg3 Rxg3 29. Rf3 Rxf3 30. gxf3 Nh5 31. c6 bxc6 32. Bxa6 Nf4 33. Bb7 cxd5 34. Nxd5 Ne6 35. Nc3 Nd8 36. Bd5 Bc6 37. b5 Bxd5 38. Nxd5 c6 39. bxc6 Nxc6 40. Ne3 f4 41. Nc4 Kg7 42. Kg2 Kf6 43. h4 Ke6 44. Nd2 Kd5 45. h5 Kd4 46. Kf2 Nb4 47. a4 Nd3+ 48. Ke2 Nc1+ 49. Kd1 Nd3 50. a5 Ke3 51. a6 Nb2+ 52. Kc2 Na4 53. Nc4+ Kxf3 54. a7 e4 55. a8Q Nc5 56. Qd5 Nd3 57. Nd2+ 1-0

[Event "Hamburg HSK IM"]
[Site "Hamburg"]
[Date "2006.10.19"]
[Round "5"]
[White "Bakker, Sven"]
[Black "Sawatzki, Frank"]
[Result "1/2-1/2"]
[WhiteElo "2237"]
[BlackElo "2386"]
[PlyCount "76"]
[EventDate "2006.10.16"]
[EventType "tourn"]
[EventRounds "9"]
[EventCountry "GER"]
[EventCategory "5"]
[SourceTitle "CBM 114 Extra"]
[Source "ChessBase"]
[SourceDate "2006.11.03"]
[SourceVersion "1"]
[SourceVersionDate "2006.11.03"]
[SourceQuality "1"]

1. d4 Nf6 2. c4 g6 3. Nc3 Bg7 4. e4 d6 5. f3 0-0 6. Nge2 c5 7. d5 e6 8. Ng3 exd5 9. cxd5 Nbd7 10. Be2 a6 11. a4 h5 12. Bg5 Qe8 13. Qd2 Nh7 14. Bh6 Qe5 15. Bxg7 Qxg7 16. 0-0 h4 17. Nh1 f5 18. exf5 gxf5 19. f4 Kh8 20. Nf2 Ndf6 21. Bf3 Bd7 22. a5 Rfe8 23. Rfe1 Ng4 24. Rxe8+ Rxe8 25. Re1 Rxe1+ 26. Qxe1 Nxf2 27. Qxf2 Qf6 28. Qe3 Kg7 29. Kf2 Nf8 30. Bh5 Ng6 31. Bxg6 Kxg6 32. h3 Kf7 33. g3 hxg3+ 34. Kxg3 Qd8 35. Qe2 Qg8+ 36. Kh4 Qd8+ 37. Kg3 Qg8+ 38. Kh4 Qd8+ 1/2-1/2

[Event "Hamburg HSK IM"]
[Site "Hamburg"]
[Date "2006.10.17"]
[Round "2"]
[White "Breuer, Stefan"]
[Black "Bakker, Sven"]
[Result "1-0"]
[WhiteElo "2330"]
[BlackElo "2237"]
[PlyCount "97"]
[EventDate "2006.10.16"]
[EventType "tourn"]
[EventRounds "9"]
[EventCountry "GER"]
[EventCategory "5"]
[SourceTitle "CBM 114 Extra"]
[Source "ChessBase"]
[SourceDate "2006.11.03"]
[SourceVersion "1"]
[SourceVersionDate "2006.11.03"]
[SourceQuality "1"]

1. e4 c6 2. d4 d5 3. f3 e6 4. Nc3 Bb4 5. Bf4 Nf6 6. Qd3 b6 7. Nge2 a5 8. Qe3 Ba6 9. h4 Nbd7 10. 0-0-0 a4 11. h5 Bxc3 12. Nxc3 Bxf1 13. Rdxf1 b5 14. Bd6 Nb6 15. Bb4 Nfd7 16. Qd3 Nb8 17. Bc5 b4 18. Bxb4 Nc4 19. Nb1 Na6 20. Bc3 Qb6 21. b3 Rb8 22. bxc4 dxc4 23. Qxc4 Qxb1+ 24. Kd2 Qb5 25. Qxb5 Rxb5 26. Rb1 Kd7 27. d5 exd5 28. Rxb5 cxb5 29. exd5 Rc8 30. Rh4 g6 31. hxg6 hxg6 32. Rh7 Ke7 33. Rh4 Rd8 34. Re4+ Kd6 35. Be5+ Kc5 36. d6 Nb4 37. a3 Nd5 38. Bg3 Nb6 39. Bf2+ Kc6 40. Bxb6 Kxb6 41. Rd4 Kc5 42. Kc3 Rd7 43. f4 f6 44. Rd3 g5 45. fxg5 fxg5 46. g4 Rxd6 47. Rxd6 Kxd6 48. Kb4 Kc6 49. c3 1-0

[Event "EU-Cup 22nd"]
[Site "Fuegen"]
[Date "2006.10.13"]
[Round "6.5"]
[White "Rewitz, Poul"]
[Black "Bakker, Sven"]
[Result "0-1"]
[WhiteElo "2245"]
[BlackElo "2237"]
[PlyCount "72"]
[EventDate "2006.10.08"]
[EventType "team-swiss"]
[EventRounds "7"]
[EventCountry "AUT"]
[SourceTitle "CBM 115"]
[Source "ChessBase"]
[SourceDate "2006.11.15"]
[SourceVersion "1"]
[SourceVersionDate "2006.11.15"]
[SourceQuality "1"]
[WhiteTeam "Aarhus"]
[BlackTeam "Leerdams"]
[WhiteTeamCountry "DEN"]
[BlackTeamCountry "NED"]

1. e4 c6 2. d4 d5 3. Nc3 dxe4 4. Nxe4 Bf5 5. Ng3 Bg6 6. N1e2 e6 7. Nf4 Qc7 8. Bc4 Nf6 9. Bb3 Bd6 10. Qf3 Nd5 11. Nxg6 hxg6 12. Ne4 Be7 13. c4 Nf6 14. Bf4 Qa5+ 15. Nd2 Nbd7 16. 0-0-0 Rc8 17. c5 b5 18. Kb1 Qd8 19. Rhe1 Nd5 20. Bxd5 cxd5 21. Qa3 a5 22. Qb3 b4 23. Qa4 0-0 24. Rc1 e5 25. Rxe5 Nxe5 26. Bxe5 Bf6 27. Nf3 Bxe5 28. dxe5 Re8 29. c6 Qb6 30. Rc2 Re6 31. c7 Rxc7 32. Rxc7 Qxc7 33. Qd1 Qc4 34. h4 Qe4+ 35. Ka1 Rc6 36. Qb1 Qf4 0-1

[Event "Amsterdam ACT op 3rd"]
[Site "Amsterdam"]
[Date "2006.07.20"]
[Round "6"]
[White "Heemskerk, Wim"]
[Black "Bakker, Sven"]
[Result "1/2-1/2"]
[WhiteElo "2298"]
[BlackElo "2231"]
[PlyCount "37"]
[EventDate "2006.07.15"]
[EventType "swiss"]
[EventRounds "9"]
[EventCountry "NED"]
[SourceTitle "CBM 113 Extra"]
[Source "ChessBase"]
[SourceDate "2006.09.14"]
[SourceVersion "1"]
[SourceVersionDate "2006.09.14"]
[SourceQuality "1"]

1. c4 e6 2. Nf3 Nf6 3. d4 b6 4. e3 Bb7 5. Bd3 d5 6. cxd5 exd5 7. 0-0 Nbd7 8. Nc3 Bd6 9. b3 a6 10. Bb2 0-0 11. Rc1 Re8 12. Ne2 Ne4 13. Rc2 Rc8 14. Ng3 Qf6 15. Qc1 Nxg3 16. hxg3 Qe7 17. Re1 Nf6 18. Bf5 Rcd8 19. Ne5 1/2-1/2

[Event "Amsterdam ACT op 3rd"]
[Site "Amsterdam"]
[Date "2006.07.18"]
[Round "4"]
[White "Hofland, Leonhard"]
[Black "Bakker, Sven"]
[Result "1/2-1/2"]
[WhiteElo "2272"]
[BlackElo "2231"]
[PlyCount "49"]
[EventDate "2006.07.15"]
[EventType "swiss"]
[EventRounds "9"]
[EventCountry "NED"]
[SourceTitle "CBM 113 Extra"]
[Source "ChessBase"]
[SourceDate "2006.09.14"]
[SourceVersion "1"]
[SourceVersionDate "2006.09.14"]
[SourceQuality "1"]

1. c4 e6 2. g3 Nf6 3. Bg2 d5 4. Nf3 Be7 5. 0-0 0-0 6. d4 dxc4 7. Qc2 a6 8. Qxc4 b5 9. Qc2 Bb7 10. Bg5 Nbd7 11. Bxf6 Nxf6 12. Nbd2 Rc8 13. Nb3 Be4 14. Qc3 Nd5 15. Qc1 c5 16. dxc5 Qc7 17. Qd2 Bxc5 18. Rac1 Qb6 19. Nxc5 Rxc5 20. Rxc5 Qxc5 21. Rc1 Qb6 22. Qd4 Qxd4 23. Nxd4 Bxg2 24. Kxg2 Rd8 25. Nc6 1/2-1/2

[Event "Amsterdam ACT op 3rd"]
[Site "Amsterdam"]
[Date "2006.07.16"]
[Round "2"]
[White "Bosboom, Manuel"]
[Black "Bakker, Sven"]
[Result "1/2-1/2"]
[WhiteElo "2390"]
[BlackElo "2231"]
[PlyCount "82"]
[EventDate "2006.07.15"]
[EventType "swiss"]
[EventRounds "9"]
[EventCountry "NED"]
[SourceTitle "CBM 113 Extra"]
[Source "ChessBase"]
[SourceDate "2006.09.14"]
[SourceVersion "1"]
[SourceVersionDate "2006.09.14"]
[SourceQuality "1"]

1. d4 Nf6 2. Nf3 e6 3. c4 b6 4. Bg5 Bb7 5. Nc3 Bb4 6. Qb3 c5 7. 0-0-0 Bxc3 8. Qxc3 Ne4 9. Qe3 Nxg5 10. Nxg5 cxd4 11. Rxd4 Nc6 12. Rg4 Qe7 13. Nf3 f5 14. Rg3 Rc8 15. Qc3 0-0 16. e3 d5 17. Kb1 Na5 18. Ne5 Nxc4 19. Bxc4 dxc4 20. f3 b5 21. a3 Qc7 22. Rc1 a5 23. h4 Rfd8 24. b4 axb4 25. axb4 Ra8 26. h5 h6 27. Rg6 Bd5 28. g4 Qa7 29. Qb2 c3 30. Rxc3 Rdc8 31. g5 Rxc3 32. Qxc3 Qa2+ 33. Kc1 Qe2 34. Rxg7+ Kxg7 35. Qc7+ Kh8 36. Nf7+ Kg7 37. Nxh6+ Kh8 38. Nf7+ Kg7 39. Nh6+ Kh8 40. Qe5+ Kh7 41. Qc7+ Kh8 1/2-1/2

[Event "BEL-chT 0506"]
[Site "Belgium"]
[Date "2006.03.26"]
[Round "11"]
[White "Nezar, Mustapha"]
[Black "Bakker, Sven"]
[Result "1/2-1/2"]
[WhiteElo "2394"]
[BlackElo "2308"]
[PlyCount "66"]
[EventDate "2005.10.09"]
[EventType "team-tourn"]
[EventRounds "11"]
[EventCountry "BEL"]
[SourceTitle "EXT 2007"]
[Source "ChessBase"]
[SourceDate "2006.11.23"]
[SourceVersion "1"]
[SourceVersionDate "2006.11.23"]
[SourceQuality "1"]
[WhiteTeam "Liege Crelel"]
[BlackTeam "Jean Jaures"]
[WhiteTeamCountry "BEL"]
[BlackTeamCountry "BEL"]

1. e4 c6 2. d3 d5 3. Nd2 e5 4. Ngf3 Bd6 5. d4 exd4 6. exd5 cxd5 7. Be2 Nc6 8. 0-0 Bf5 9. Nb3 Nge7 10. Nbxd4 Bg6 11. Bg5 Rc8 12. Qd2 0-0 13. c3 Re8 14. Rfe1 f6 15. Bf4 Ne5 16. Bb5 N7c6 17. Nh4 Bf7 18. Nhf5 Bf8 19. Re3 a6 20. Be2 Nxd4 21. Nxd4 Nc4 22. Rxe8 Qxe8 23. Qc2 Bg6 24. Qb3 b5 25. Bg4 Ra8 26. h3 Bf7 27. Rd1 Qe4 28. Bc1 Re8 29. Qc2 Qe5 30. Bf3 Qc7 31. Nf5 g6 32. Ne3 Ne5 33. Be2 Nc4 1/2-1/2